Zmeny v štruktúre zahraničného obchodu

Vývoj zahraničného obchodu podľa odvetvovej a technologickej štruktúry. Vývoj jednotkových hodnôt vývozu a dovozu a pozícia kvalitatívnej a cenovej konkurencii v zahraničnom obchode SR. Medzinárodné porovnanie vývoja zahraničného obchodu SR (1991 - 2005).

Na minha lista:
Detalhes bibliográficos
Autor principal: Gabrielová, Herta
Formato: Capítulo de Livro
Idioma:eslovaco
Assuntos:
Tags: Adicionar Tag
Sem tags, seja o primeiro a adicionar uma tag!

MARC

LEADER 00000nla$a2200000$$$4500
001 0080361
005 20220905081957.0
041 0 |a slo 
044 |a SK 
245 1 0 |a Zmeny v štruktúre zahraničného obchodu  |c Herta Gabrielová 
520 |a Vývoj zahraničného obchodu podľa odvetvovej a technologickej štruktúry. Vývoj jednotkových hodnôt vývozu a dovozu a pozícia kvalitatívnej a cenovej konkurencii v zahraničnom obchode SR. Medzinárodné porovnanie vývoja zahraničného obchodu SR (1991 - 2005). 
610 2 0 |a obchod zahraničný 
610 2 0 |a Slovensko 
610 2 0 |a vývoz 
610 2 0 |a odvetvia priemyselné 
610 2 0 |a suroviny 
100 1 |a Gabrielová, Herta